<?xml version="1.0" encoding="UTF-8"?>
<record
    xmlns:xsi="http://www.w3.org/2001/XMLSchema-instance"
    xsi:schemaLocation="http://www.loc.gov/MARC21/slim http://www.loc.gov/standards/marcxml/schema/MARC21slim.xsd"
    xmlns="http://www.loc.gov/MARC21/slim">

  <leader>02560nam a22002657a 4500</leader>
  <controlfield tag="001">000535</controlfield>
  <controlfield tag="003">DO-SdBNP</controlfield>
  <controlfield tag="005">20171110132056.0</controlfield>
  <controlfield tag="007">000535</controlfield>
  <controlfield tag="008">161010b        2012 sp a ||||| |||| 00| 0 spa d</controlfield>
  <datafield tag="020" ind1=" " ind2=" ">
    <subfield code="a">9789962040323</subfield>
  </datafield>
  <datafield tag="040" ind1=" " ind2=" ">
    <subfield code="a">BPMSU</subfield>
    <subfield code="b">spa</subfield>
    <subfield code="c">BPMSU</subfield>
  </datafield>
  <datafield tag="082" ind1=" " ind2="4">
    <subfield code="a">720.9</subfield>
    <subfield code="b">F175L</subfield>
  </datafield>
  <datafield tag="100" ind1="1" ind2=" ">
    <subfield code="a">Fajardo, Julio </subfield>
  </datafield>
  <datafield tag="245" ind1="1" ind2="0">
    <subfield code="a">La biblia de la arquitectura /</subfield>
    <subfield code="c">Julio Fajardo.</subfield>
  </datafield>
  <datafield tag="260" ind1=" " ind2=" ">
    <subfield code="a">Barcelona : </subfield>
    <subfield code="b"> Lexus , </subfield>
    <subfield code="c">2012.</subfield>
  </datafield>
  <datafield tag="300" ind1=" " ind2=" ">
    <subfield code="a">591 p. :</subfield>
    <subfield code="b"> il. ; </subfield>
    <subfield code="c"> 27 cm.</subfield>
  </datafield>
  <datafield tag="505" ind1=" " ind2=" ">
    <subfield code="a">UNStudio -- Silja Tillner, Alfred Willinger -- Matija Bevk, Vasa J.Perovi&#x107; -- Emil Urbel -- Julien de Smedt -- Moshe Safdie -- Steven Holl -- Jean Marc Ibos &amp; Myrto Vitart -- Nuno Mateus, Jos&#xE9; Mateus -- Bregman &amp; Hamann Architects -- Joaqu&#xED;n Torres, Rafael Llamazares -- Bernard Tschumi -- Mario Botta -- John Patkau, Patricia Patkau -- Hefena Casanova, Jes&#xFA;s Hern&#xE1;ndez -- John Portman -- Andrew Maynard -- Esther Sperber -- Ton Venhoeven -- Naoki Terada -- Giovanni Vaccanni -- Meinhard von Gerkan, Votkin Marg -- Reinald Top, Rein Jansma, Rob Torsing, Mosh&#xE9; Zwarts -- Kengo Kuma -- Lise Anne Couture, Hani Rashid -- Victor F. Trey Trahan -- Jan Olav Jensen, B&#xF8;rre Skodvin -- Caroline Casey, Robert Brown -- Eugene Kohn, William Pedersen -- Dominique Perrault -- MVRDV -- Robert Toland -- Massimiliano Fuksas -- Darrel O'Donoghue, Dave O'Shea -- Ren&#xE9; van Zuuk -- Royce YC Hong, Grace S. Cheung -- Per Franson, Mattias Wreland -- Konstantinos Labrinopoulos -- Herman Hertzberger -- William Galloway, Koen Klinkers -- Norman Foster -- Jorge Hern&#xE1;ndez de la Garza -- Kazuyasu Kochi -- Vinko Penezlc, Kresirnlr Rogina -- Kees Christiaanse -- Kraus Mayer, Petra Sattler-Smith -- Paul de Ruiter -- Hitoshi Abe -- Farshid Moussavi, Alejandro Zaera-Polo -- Uwe R. Br&#xFC;ckner -- Jean Nouvel -- Francine Houben -- Dietmar Feichtinger -- Thom Mayne -- Wolf D. Prix -- Gurjit Singh Matharoo -- Bolle Tham, Martin Videgard Hansson -- Renzo Piano -- Jaime Varon, Abraham Metta, Alex Metta -- Thomas Herzog -- Gert Wingardh -- Helmut Jahn -- Astrid Klein, Mark Dytham -- Urs Bette -- Daniel Libeskind -- Trist&#xE1;n Di&#xE9;guez, Axel Fridman -- Robert Konieczny -- Eduardo Souto de Moura -- Senan Abdelqader -- Kimmo Lintuta, Niko Sirota, Mikko Summanen -- Andreas Schmitzer -- Giorgio Bottega, Henning Ehrhardt.</subfield>
  </datafield>
  <datafield tag="650" ind1=" " ind2="4">
    <subfield code="a">ARQUITECTURA MODERNA</subfield>
    <subfield code="y">SIGLO XXI</subfield>
  </datafield>
  <datafield tag="650" ind1=" " ind2="4">
    <subfield code="a">ARQUITECTOS</subfield>
    <subfield code="y">SIGLO XXI</subfield>
  </datafield>
  <datafield tag="910" ind1=" " ind2=" ">
    <subfield code="a">Validado. Control de calidad MFF</subfield>
  </datafield>
  <datafield tag="942" ind1=" " ind2=" ">
    <subfield code="2">ddc</subfield>
    <subfield code="c">BK</subfield>
  </datafield>
  <datafield tag="945" ind1=" " ind2=" ">
    <subfield code="a">Inventariado extranjero / 2017 VM</subfield>
  </datafield>
  <datafield tag="952" ind1=" " ind2=" ">
    <subfield code="0">0</subfield>
    <subfield code="1">0</subfield>
    <subfield code="2">ddc</subfield>
    <subfield code="4">0</subfield>
    <subfield code="7">0</subfield>
    <subfield code="8">CG</subfield>
    <subfield code="a">BPMET</subfield>
    <subfield code="b">BPMET</subfield>
    <subfield code="d">2016-10-10</subfield>
    <subfield code="e">Compra</subfield>
    <subfield code="l">0</subfield>
    <subfield code="o">720.9 F175L</subfield>
    <subfield code="p">BPMSU16100005</subfield>
    <subfield code="r">2016-10-10</subfield>
    <subfield code="w">2016-10-10</subfield>
    <subfield code="y">BK</subfield>
  </datafield>
  <datafield tag="956" ind1=" " ind2=" ">
    <subfield code="2">LOPEREZ</subfield>
    <subfield code="3">10</subfield>
    <subfield code="6">20161010</subfield>
    <subfield code="8">BPMSU</subfield>
    <subfield code="a">00041</subfield>
  </datafield>
  <datafield tag="999" ind1=" " ind2=" ">
    <subfield code="c">11500</subfield>
    <subfield code="d">11500</subfield>
  </datafield>
</record>
